1759 1654 1128 1867 1512 1544 1597 1940 1393 1566 1147 1815 1917 1588 1422 1790 1125 1981 1606 1179 1588 1511 1670 1564 1610 1901 1831 1050 1269 1416 1521 1874 1650 1901 1701 1375 1803 1474 1337 1535 1167 1704 1151 1746 1393 1113 1368 1562 1841 1275 1542 1832 1536 1817 1344 1821 1788 1510 1279 1361 1418 1588 1462 1805 1612 1845 1731 1498 1983 1140 1667 1839 1486 1395 1604 1438 1230 1808 1175 1996 1694 1941 1517 1691 1754 1827 1792 1875 1012 1042 1025 1639 1507 1949 1060 1469 1784 1177 1849 BCNSPRNW ULIB Ver.6.0+V

เปลี่ยนเป็นภาษาไทย

Change to English
 แสดงรายละเอียดบรรณานุกรม
  กลับหน้าหลัก

Brief Record : Get Marc (ISO 2709) : E-mail record : QR code < ปิดหน้าต่าง
LEADER : 00000nam 2200000uu 4500
001    13399111485
003     ULIB
008    110628s||||||||th 000 0 tha d
050  4 BQ4570^bช454ก 2548
100 0  พระโพธิญาณเถร(ชา สุภัทโท)
245 10 กุญแจภาวนา /^cพระโพธิญาณเถร(ชา สุภัทโท)
260    อุบลราชธานี :^bวัดหนองป่าพง ,^c2548
300    98 หน้า
650  7 ธรรมะ
650  7 โอวาท
650  7 เทศนา
945    ^p0^l0^i021910
995    ทศพร
999 ^a ใช้งานได้ทุกระบบ
รายการนี้ยังไม่มีแท็ก
คุณยังไม่ได้ล็อกอิน คุณสามารถมีกิจกรรมร่วมกับเว็บไซต์ได้ แต่ต้องล็อกอินก่อน ::
  ล็อกอิน

รายการสื่อสารสนเทศ

ลำดับที่ ประเภท เลขเรียก/บาร์โค้ด สถานที่ สถานะ
- ไม่พบข้อมูล -

รายการใกล้เคียง
    หัวเรื่อง [ธรรมะ]
    หัวเรื่อง [เทศนา]

BibComment


ยังไม่เคยถูกคอมเมนท์

คอมเมนท์ทรัพยากรรายการนี้
  คอมเมนท์: กุญแจภาวนา พระโพ..


 Copyright 2026. Bcnsprnw @Library